Learning Resource and Development

The 10-step depression relief workbook : (Record no. 12498)

MARC details
000 -LEADER
fixed length control field 00937nam a22002897a 4500
005 - DATE AND TIME OF LATEST TRANSACTION
control field 20230512223925.0
008 - FIXED-LENGTH DATA ELEMENTS--GENERAL INFORMATION
fixed length control field 220905t xxu||||| |||| 00| 0 eng d
020 ## - INTERNATIONAL STANDARD BOOK NUMBER
International Standard Book Number 9781939754363
040 ## - CATALOGING SOURCE
Transcribing agency CSPC
050 0# - LIBRARY OF CONGRESS CALL NUMBER
Classification number RC537
082 0# - DEWEY DECIMAL CLASSIFICATION NUMBER
Classification number 616.8527
Item number R265s
100 ## - MAIN ENTRY--PERSONAL NAME
Personal name Rego, Simon A.,
Relator term author.
245 00 - TITLE STATEMENT
Title The 10-step depression relief workbook :
Remainder of title a cognitive behavioral therapy approach /
Statement of responsibility, etc. Simon A. Rego.
260 ## - PUBLICATION, DISTRIBUTION, ETC.
Place of publication, distribution, etc. Emeryville, CA :
Name of publisher, distributor, etc. Althea Press,
Date of publication, distribution, etc. 2018.
300 ## - PHYSICAL DESCRIPTION
Extent x, 167 pages :
Dimensions 24 cm.
336 ## - CONTENT TYPE
Source rdacontent
Content type term text
337 ## - MEDIA TYPE
Source rdamedia
Media type term unmediated
338 ## - CARRIER TYPE
Source rdacarrier
Carrier type term volume
500 ## - GENERAL NOTE
General note Includes index.
504 ## - BIBLIOGRAPHY, ETC. NOTE
Bibliography, etc. note Includes bibliographical references.
650 10 - SUBJECT ADDED ENTRY--TOPICAL TERM
Topical term or geographic name entry element Cognitive therapy.
650 10 - SUBJECT ADDED ENTRY--TOPICAL TERM
Topical term or geographic name entry element Depression, Mental
General subdivision Treatment.
940 ## - EQUIVALENCE OR CROSS-REFERENCE--UNIFORM TITLE [OBSOLETE] [CAN/MARC only]
Uniform title <a href="riza">riza</a>
942 ## - ADDED ENTRY ELEMENTS (KOHA)
Koha item type
-- CIR 616.8527 R265s 2018
Holdings
Withdrawn status Lost status Damaged status Not for loan Home library Current library Shelving location Date acquired Total Checkouts Full call number Barcode Date last seen Copy number Price effective from Koha item type Date last checked out
        Main Library Main Library Circulation Section 05/12/2023   CIR 616.8527 R265s 2018 024607 05/12/2023 1-3 05/12/2023 Books  
        Main Library Main Library Circulation Section 05/12/2023 1 CIR 616.8527 R265s 2018 024608 02/28/2026 2-3 05/12/2023 Books 01/28/2026
        Main Library Main Library Circulation Section 05/12/2023   CIR 616.8527 R265s 2018 024623 05/12/2023 3-3 05/12/2023 Books